| 000 | 00482cam a22001577a 4500 | ||
|---|---|---|---|
| 008 | 180718b1987 xxu||||| |||| 00| 0 eng d | ||
| 082 | _aT2x5434 J78 | ||
| 100 | _aJoshi, Vinod Kumar | ||
| 245 |
_aManagement of industrial sickness _cby Vinod Kumar Joshi |
||
| 260 |
_aJaipur _bKuber Associates _c1987 |
||
| 300 | _aiv,210p. | ||
| 650 | _aIndustrial policy --India | ||
| 650 | _aIndustries --India | ||
| 650 | _aBusiness failuires --India | ||
| 650 | _aIndustrial management --India | ||
| 999 |
_c437545 _d437545 |
||